| 000 | 00759nam a2200241 a 4500 | ||
|---|---|---|---|
| 001 | BRCA_5118 | ||
| 005 | 20190320204939.0 | ||
| 008 | 191110s1906----enka######---#000-0#eng-# | ||
| 041 | _aeng | ||
| 044 | _aenk | ||
| 050 | 4 |
_aND811 _b.S46 1906 |
|
| 100 | 1 |
_aSentenach y Cabañas, Narciso _d1856-1925 _913058 |
|
| 245 | 1 | 0 |
_aThe painters of the school of Seville _cby N. Sentenach ; translated by Steuart Erskine. |
| 260 |
_aLondres _bDuckworth _c[1906] |
||
| 300 |
_aviii, 261 p. _bil. _c20 cm. |
||
| 500 | _aIncluye índice de ilustraciones e índice onomástico | ||
| 500 | _aE11 | ||
| 650 | 1 | 4 |
_aPintura _zSevilla, España _913059 |
| 650 | 1 | 4 |
_aPintores españoles _97620 |
| 700 | 1 |
_aErskine, Steuart _eTraductor _913060 |
|
| 902 | _aGFM | ||
| 942 |
_2lcc _cB |
||
| 999 |
_c4812 _d4812 |
||